[Event "FIN-ch"]
[Site "Espoo"]
[Date "1985.??.??"]
[Round "?"]
[White "Raaste, Eero J"]
[Black "Havansi, Erkki ET"]
[Result "1/2-1/2"]
[WhiteElo "2340"]
[BlackElo "2295"]

1.e4 c5 2.Nf3 e6 3.d4 cxd4 4.Nxd4 a6 5.Bd3 Bc5 6.Nb3 Ba7 7.Qe2 Nc6 8.Be3 Bxe3
9.Qxe3 Nf6 10.N1d2 d6 11.f4 O-O 12.c3 e5 13.O-O-O Ng4 14.Qg3 exf4 15.Qxf4 Nge5
16.Nf3 Be6 17.Nfd4 Qc7 18.Bc2 Nxd4 19.Nxd4 Bxa2 20.Nf5 Be6 21.Qg3 f6 22.Rd4 Rfd8
23.Rhd1 b5 24.h4 Rd7 25.Ne3 a5 26.Nd5 Bxd5 27.Rxd5 Rb8 28.Bb3 Kh8 29.h5 h6
30.R5d4 Qc5 31.Qh3 b4 32.c4 a4 33.Bxa4 Nxc4 34.Rd5 Qf2 35.Qb3 Qf4+ 36.Kb1 Qxe4+
37.Qd3 Re7 38.Bb3 Ne3 39.Re1 Qxd3+ 40.Rxd3 Nf5 41.Rxe7 Nxe7 42.Rxd6 Nf5 43.Rd3 g5
44.hxg6 Kg7 45.Bc2 Rb7 46.Ka2 Nh4 47.Rg3 f5 48.Kb3 Rb6 49.Bd3 Rb8 50.Ka4 Rb6
51.b3 Rxg6 52.Rxg6+ Kxg6 53.g3 Ng2 54.g4 Ne3 55.gxf5+ Nxf5 56.Kxb4 Kf6 57.Kc5 Ke5
58.b4 Nd4 59.Bg6 Ne6+ 60.Kc6 Nd4+ 61.Kc7 Ne6+  1/2-1/2

[Event "FIN-ch"]
[Site "Espoo"]
[Date "1985.??.??"]
[Round "?"]
[White "Pyhala, Antti"]
[Black "Kivisto, Mikko"]
[Result "0-1"]
[WhiteElo "2295"]
[BlackElo "2250"]

1.e4 c5 2.Nf3 e6 3.d4 cxd4 4.Nxd4 a6 5.Bd3 Nc6 6.Nxc6 dxc6 7.O-O e5 8.Nd2 Bd6
9.f4 exf4 10.e5 Bxe5 11.Re1 Be6 12.Kh1 Bc7 13.Ne4 Qh4 14.Bd2 O-O-O 15.Qe2 Nh6
16.Bxa6 Ng4 17.h3 Rxd2 18.Bxb7+ Kxb7 19.Qxd2 Bd5 20.Nc5+ Kc8 21.Kg1 Qg3 22.hxg4 f3
23.Re4  0-1

[Event "Frunze"]
[Site "Frunze"]
[Date "1985.??.??"]
[Round "3"]
[White "Imanaliev, Taalaibek"]
[Black "Velikov, Petar"]
[Result "1/2-1/2"]
[WhiteElo "2385"]
[BlackElo "2450"]

1.e4 c5 2.Nf3 e6 3.d4 cxd4 4.Nxd4 a6 5.Bd3 Nf6 6.O-O Qc7 7.c4 Nc6 8.Be3 Ne5
9.h3 d6 10.f4 Nxd3 11.Qxd3 Be7 12.Nc3 O-O 13.Rac1 Re8 14.Nf3 Nd7 15.b3 b6
16.f5 Nc5 17.Qc2 Bb7 18.Bd4 Nd7 19.fxe6 fxe6 20.Qf2 Bf6 21.Bxf6 Nxf6 22.Rce1 b5
23.e5 dxe5 24.Nxe5 bxc4 25.bxc4 Rf8 26.Qe3  1/2-1/2

[Event "New York op"]
[Site "New York"]
[Date "1985.??.??"]
[Round "1"]
[White "Chase, Christopher"]
[Black "Meyer, Eugene B"]
[Result "0-1"]
[WhiteElo "2260"]
[BlackElo "2465"]

1.e4 c5 2.Nf3 e6 3.d4 cxd4 4.Nxd4 a6 5.Bd3 Nf6 6.O-O Qc7 7.c4 d6 8.Nc3 Nbd7
9.f4 Be7 10.Kh1 b6 11.Qe2 Bb7 12.Bd2 O-O 13.Rac1 Rfe8 14.Nf3 Bf8 15.Bb1 Rac8
16.b3 Qc5 17.Qe1 Qh5 18.Qg3 b5 19.e5 dxe5 20.fxe5 Ng4 21.Rce1 Bxf3 22.gxf3 Ngxe5
23.f4 Ng4 24.cxb5 axb5 25.f5 b4 26.Ne2 e5 27.Qg2 Qh4 28.Ng3 Ngf6 29.Ne4 h6
30.Rg1 Nd5 31.Nd6 Nc3 32.Nxe8 Rxe8 33.Be4 Nc5 34.Bc6 Rd8 35.Rxe5 Nd3 36.Re2 Nxe2
37.Qxe2 Bc5 38.Rg3 Qd4 39.Bxh6 Qa1+ 40.Kg2 Qg1+ 41.Kf3 Qh1+ 42.Rg2 Ne1+ 43.Kg3 Nxg2
44.Bxg2 Qb1 45.Qg4 Qe1+ 46.Kh3 Rd3+  0-1

[Event "New York op"]
[Site "New York"]
[Date "1985.??.??"]
[Round "5"]
[White "Ljubojevic, Ljubomir"]
[Black "Meyer, Eugene B"]
[Result "1/2-1/2"]
[WhiteElo "2595"]
[BlackElo "2465"]

1.e4 c5 2.Nf3 e6 3.d4 cxd4 4.Nxd4 a6 5.Bd3 Nf6 6.O-O Qc7 7.Qe2 d6 8.c4 Nbd7
9.f4 b6 10.Nc3 Bb7 11.f5 e5 12.Nc2 Nc5 13.Bg5 Be7 14.Ne3 Qd8 15.Bxf6 Bxf6
16.Ned5 O-O 17.Rad1 Rc8 18.Rf3 Nd7 19.Rh3 Bg5 20.Qf2 Rb8 21.Bb1 Bxd5 22.Rxd5 Nf6
23.Rd1 Qc7 24.Rhd3 b5 25.cxb5 axb5 26.b4 Bf4 27.g3 Bh6 28.h4 Qc4 29.g4 Bf4
30.Qf3 d5 31.Nxd5 Nxd5 32.Rxd5 Qxb4 33.Bd3 Qb2 34.Qe2 Qxe2 35.Bxe2 Ra8 36.Rxb5 Rxa2
37.Bc4 Rc2 38.Bb3 Rc7 39.g5 g6 40.Kg2 Kg7 41.f6+ Kg8 42.Rbd5 h6 43.Rd8 Rxd8
44.Rxd8+ Kh7 45.Rf8 hxg5 46.Bxf7 Rc2+ 47.Kf3 Rc3+ 48.Ke2 Rc2+ 49.Kd3 Rd2+
50.Kc3 gxh4 51.Bg8+ Kh8 52.Bd5+ Kh7 53.Bg8+ Kh8 54.Be6+ Kh7 55.Rf7+ Kh8 56.Rg7 Rd6
57.Rxg6 Rxe6 58.f7 Rxg6 59.f8=Q+ Kh7 60.Qe7+ Kh6 61.Qxh4+ Kg7 62.Kc4 Bg3
63.Qe7+ Kh6 64.Qf8+ Kh7  1/2-1/2

[Event "Prague zt"]
[Site "Prague"]
[Date "1985.??.??"]
[Round "1"]
[White "Mokry, Karel"]
[Black "Gheorghiu, Florin"]
[Result "1-0"]
[WhiteElo "2490"]
[BlackElo "2530"]

1.e4 c5 2.Nf3 e6 3.d4 cxd4 4.Nxd4 a6 5.Bd3 Nf6 6.O-O d6 7.c4 b6 8.Nc3 Bb7
9.f4 Nc6 10.Nxc6 Bxc6 11.Kh1 Be7 12.Qe2 O-O 13.b3 Qc7 14.Bb2 Rad8 15.Rae1 Bb7
16.Bb1 Nd7 17.Qg4 Bf6 18.Re3 g6 19.Rh3 Kh8 20.Nd5 exd5 21.Qh4 h5 22.Bxf6+ Nxf6
23.Qxf6+ Kg8 24.Rxh5 gxh5 25.Qg5+ Kh8 26.Qxh5+ Kg8 27.Qg5+ Kh8 28.Qf6+ Kg8
29.Rf3 Rfe8 30.Rh3  1-0

[Event "Prague zt"]
[Site "Prague"]
[Date "1985.??.??"]
[Round "13"]
[White "Ermenkov, Evgenij"]
[Black "Gheorghiu, Florin"]
[Result "1-0"]
[WhiteElo "2515"]
[BlackElo "2530"]

1.e4 c5 2.Nf3 e6 3.d4 cxd4 4.Nxd4 a6 5.Bd3 Nf6 6.O-O d6 7.c4 Be7 8.Nc3 O-O
9.Qe2 b6 10.b3 Bb7 11.Bb2 Nc6 12.Nxc6 Bxc6 13.Rae1 Re8 14.f4 g6 15.e5 dxe5
16.fxe5 Bc5+ 17.Kh1 Ng4 18.Be4 Nxe5 19.Bxc6 Nxc6 20.Qf3 Qc7 21.Ne4 f5 22.Nf6+ Kf7
23.Nxe8 Rxe8 24.Rd1 h5 25.Rd3 Re7 26.Qe2 a5 27.Rfd1 e5 28.Rd5 Bd4 29.Bxd4 Nxd4
30.Qe3 Kg7 31.Qg5 a4 32.Re1 Nc2 33.Red1 Nd4 34.bxa4 Re6 35.Re1 Kf7 36.Qh6 Re7
37.Qh7+ Kf6 38.Qh8+ Kg5 39.h4+ Kxh4 40.Qf6+ g5 41.Rxd4+  1-0

[Event "Sarajevo"]
[Site "Sarajevo"]
[Date "1985.??.??"]
[Round "4"]
[White "Sax, Gyula"]
[Black "Dizdarevic, Emir"]
[Result "1/2-1/2"]
[WhiteElo "2565"]
[BlackElo "2425"]

1.e4 c5 2.Nf3 e6 3.d4 cxd4 4.Nxd4 a6 5.Bd3 Nf6 6.O-O Qc7 7.f4 Bc5 8.c3 d6
9.Kh1 e5 10.Nb3 Ba7 11.Qf3 Nbd7 12.c4 O-O 13.Nc3 exf4 14.Qxf4 Ne5 15.Be2 Be6
16.Qg3 Nfd7 17.Nd5 Bxd5 18.exd5 Rac8 19.Bf4 f5 20.Rac1 Nf6 21.Bf3 Bc5 22.Nxc5 Qxc5
23.b4 Qxb4 24.c5  1/2-1/2

[Event "BUL-ch"]
[Site "Sofia"]
[Date "1985.??.??"]
[Round "7"]
[White "Donchev, Dimitar I"]
[Black "Peev, Peicho Chonev"]
[Result "1/2-1/2"]
[WhiteElo "2445"]
[BlackElo "2370"]

1.e4 c5 2.Nf3 e6 3.d4 cxd4 4.Nxd4 a6 5.Bd3 Ne7 6.O-O Nec6 7.Nb3 Be7 8.c4 d6
9.Nc3 O-O 10.Be3 Nd7 11.f4 b6 12.Qf3 Nb4 13.Bb1 Bb7 14.a3 Nc6 15.Qh3 Re8
16.Bc2 Nf8  1/2-1/2

[Event "Szirak"]
[Site "Szirak"]
[Date "1985.??.??"]
[Round "2"]
[White "Klinger, Josef"]
[Black "Yap, Andronico"]
[Result "1-0"]
[WhiteElo "2460"]
[BlackElo "2425"]

1.e4 c5 2.Nf3 e6 3.d4 cxd4 4.Nxd4 a6 5.Bd3 Nf6 6.O-O Qc7 7.Nc3 Be7 8.f4 Bc5
9.Ne2 Nc6 10.c3 d6 11.Kh1 O-O 12.Nxc6 bxc6 13.Ng3 a5 14.e5 Nd7 15.Ne4 g6
16.Qe1 f5 17.exf6 Bb6 18.Ng5 Nc5 19.f7+ Rxf7 20.Bc4 Rf6 21.b4 axb4 22.cxb4 Na4
23.Be3 d5 24.Bb3 h6 25.Bxb6 Nxb6 26.Nf3 Ba6 27.Qc3 Raf8 28.Rfc1 Qxf4 29.Qc5 Be2
30.Ng1 Qe4 31.Nxe2 Rf2 32.Rg1 Rxe2 33.Qxb6 d4 34.Qc5 d3 35.Qc4 Qe3 36.Rad1 d2
37.Qxe6+ Qxe6 38.Bxe6+ Rxe6 39.Rxd2 Re4 40.a3 Ra8 41.Rd3 Re2 42.Rc3 Ra6 43.h3 Kg7
44.Rgc1 Ra2 45.Rd3 h5 46.Rcc3 h4 47.Rd7+ Kh6 48.Rc4 g5 49.Rd6+ Kh7 50.b5 R6xa3
51.bxc6 Ra1+ 52.Kh2 Re1 53.c7 Raa1 54.Rd7+ Kg6 55.Rc6+  1-0

[Event "Tirnavia"]
[Site "Trnava"]
[Date "1985.??.??"]
[Round "11"]
[White "Franzen, Josef"]
[Black "Plachetka, Jan"]
[Result "1/2-1/2"]
[WhiteElo "2355"]
[BlackElo "2440"]

1.e4 c5 2.Nf3 e6 3.d4 cxd4 4.Nxd4 a6 5.Bd3 Nf6 6.O-O d6 7.c4 g6 8.Nc3 Bg7
9.Be3 O-O 10.Be2 Qc7 11.Qd2 b6 12.Rfd1 Bb7 13.f3 Nbd7 14.Nc2 Ne8 15.Rac1 Rc8
16.Kh1 Qb8 17.Bg5 Ndf6 18.Qe3 Qc7 19.Rd2 Qc5 20.Rcd1 Qxe3 21.Bxe3 Nd7 22.Na4 Bc6
23.Nxb6 Nxb6 24.Bxb6 Bxb2 25.Rb1 Be5 26.c5 Bf4 27.Rd4 Bb7 28.Rc4 Be5 29.Ne3 f5
30.exf5 gxf5 31.cxd6 Nxd6 32.Rc7 Rf7 33.Rxc8+ Bxc8 34.g3 Rd7 35.Kg2 Kf7 36.Rc1 Bb7
37.Kf2 Nb5 38.Nc4 Bf6 39.Rd1 Rxd1 40.Bxd1 Bd5 41.Bb3  1/2-1/2

[Event "Asousados"]
[Site "Asousados"]
[Date "1986.??.??"]
[Round "?"]
[White "Juarez"]
[Black "Minaya, Juan M"]
[Result "1-0"]
[WhiteElo "2300"]
[BlackElo "2300"]

1.e4 e6 2.d4 c5 3.Nf3 cxd4 4.Nxd4 a6 5.Bd3 Nf6 6.O-O d6 7.c4 b6 8.Nc3 Bb7
9.f4 Be7 10.Qe2 O-O 11.Kh1 Nc6 12.Nxc6 Bxc6 13.b3 Nd7 14.Bb2 g6 15.e5 dxe5
16.fxe5 Qc7 17.Rae1 Rad8 18.Bb1 Bh4 19.Rd1 Nxe5 20.Nb5 axb5 21.Bxe5 Qb7 22.cxb5 Rxd1
23.Rxd1 Bd5 24.Bb2 Be7 25.Bd3 Rd8 26.Rg1 f6 27.Bc4 Kg7 28.Rf1 Qd7 29.Qf2 e5
30.Bxd5 Qxd5 31.Qxb6 Qd3 32.Rg1 Qe2 33.Ba3 Re8 34.Qe6 Bxa3 35.Qxe8 Bc5 36.Qd7+ Kh6
37.Rd1 Bd4 38.Qh3+ Kg7 39.Qf3 Qxb5 40.Rc1 Qa5 41.a4 h5 42.h4 f5 43.Qb7+ Kh6
44.Qe7  1-0

[Event "Bor"]
[Site "Bor"]
[Date "1986.??.??"]
[Round "2"]
[White "Abramovic, Bosko"]
[Black "Dizdarevic, Emir"]
[Result "1-0"]
[WhiteElo "2445"]
[BlackElo "2470"]

1.e4 c5 2.Nf3 e6 3.d4 cxd4 4.Nxd4 a6 5.Bd3 Nf6 6.O-O Qc7 7.Kh1 d6 8.c4 g6
9.Nc3 Bg7 10.Nb3 Nbd7 11.Bf4 b6 12.Be2 Ne5 13.Qd4 O-O 14.Rfd1 Ne8 15.Bg3 Bb7
16.f4 Ng4 17.Qd3 Nh6 18.Rac1 f5 19.Nd4 fxe4 20.Nxe4 Bxd4 21.Qxd4 Nf5 22.Qd3 Nf6
23.Nxf6+ Rxf6 24.Bf3 Nxg3+ 25.hxg3 e5 26.Bd5+ Kg7 27.fxe5 dxe5 28.Qe4 Ra7
29.Bxb7 Rxb7 30.Rd5 Qb8 31.Rxe5 Rbf7 32.Rd1 h5 33.Kg1 Qc7 34.b4 Rc6 35.Rg5 Kh6
36.Qe3 Kh7 37.c5 Rcf6 38.Rgd5 bxc5 39.bxc5 Rf5 40.Rxf5 Rxf5 41.Rc1 Qc6 42.Kh2 Rf7
43.Rd1 Qa4 44.Rd8 h4 45.Qe5 hxg3+ 46.Kxg3 Rg7 47.Rd4 Qc6 48.Rh4+ Kg8 49.Qb8+ Kf7
50.Qb3+ Ke7 51.Qe3+ Kf7 52.Rf4+ Kg8 53.Qb3+ Kh8  1-0

[Event "Bor"]
[Site "Bor"]
[Date "1986.??.??"]
[Round "8"]
[White "Ilincic, Zlatko"]
[Black "Dizdarevic, Emir"]
[Result "1-0"]
[WhiteElo "2490"]
[BlackElo "2470"]

1.e4 c5 2.Nf3 e6 3.d4 cxd4 4.Nxd4 a6 5.Bd3 Nf6 6.O-O Qc7 7.Kh1 Be7 8.f4 d6
9.Nc3 Nbd7 10.Qf3 Nc5 11.Bd2 O-O 12.g4 d5 13.exd5 Nxd5 14.Nxd5 exd5 15.g5 Ne4
16.Be3 b5 17.Rad1 Re8 18.a3 Bc5 19.c3 Bxd4 20.Bxd4 Bf5 21.Rfe1 Re7 22.Re3 Rae8
23.Kg1 Qc8 24.Qg2 Qc7 25.Rf1 Qc6 26.Rfe1 Re6 27.Be2 Nd6 28.Bf3 Rxe3 29.Rxe3 Rxe3
30.Bxe3 Be4 31.Bxe4 dxe4 32.Qd2 f6 33.gxf6 gxf6 34.Qg2+ Kf7 35.Qh3 Kg7 36.Qe6 Qc7
37.Bd4 Nf7 38.Bxf6+ Kf8 39.Qxe4 Qb6+ 40.Bd4 Qh6 41.Qa8+ Ke7 42.Bc5+ Nd6 43.Qe4+ Kd7
44.Qd3 Qxf4 45.Qxd6+ Qxd6 46.Bxd6 Kxd6 47.Kf2 Kd5 48.b3 Ke4 49.Ke2 h5 50.h4 a5
51.Kd2 a4 52.bxa4 bxa4 53.Ke2  1-0

[Event "JUG-ch"]
[Site "Budva"]
[Date "1986.??.??"]
[Round "?"]
[White "Ivanovic, Bozidar"]
[Black "Cvitan, Ognjen"]
[Result "1-0"]
[WhiteElo "2485"]
[BlackElo "2495"]

1.e4 c5 2.Nf3 e6 3.d4 cxd4 4.Nxd4 a6 5.Bd3 Nf6 6.O-O Qc7 7.c4 Nc6 8.Nf3 Be7
9.Qe2 Ng4 10.Nbd2 b6 11.Nb3 Bb7 12.Bd2 O-O 13.Rac1 Nb4 14.Bb1 f5 15.h3 fxe4
16.Bxe4 Bxe4 17.Qxe4 Nf6 18.Qb1 Nh5 19.a3 Nc6 20.Qe4 Rf7 21.Nbd4 Nf6 22.Qe2 Nxd4
23.Nxd4 Raf8 24.Nf3 Nh5 25.Qe5 Qxe5 26.Nxe5 Ng3 27.Nxf7 Nxf1 28.Nh6+ gxh6
29.Kxf1 Bg5 30.Rd1 Rc8 31.Bc3 Rc7 32.Rd6 b5 33.cxb5 axb5 34.Ke2 Kf7 35.Kd3 Bf6
36.Bxf6 Kxf6 37.Rd4 d5 38.Rf4+ Kg6 39.Rb4 Rc5 40.Kd4 Rc2 41.Ke3 Rc5 42.f4  1-0

[Event "Dortmund op"]
[Site "Dortmund"]
[Date "1986.??.??"]
[Round "6"]
[White "Van der Sterren, Paul"]
[Black "Farago, Ivan"]
[Result "1-0"]
[WhiteElo "2470"]
[BlackElo "2520"]

1.e4 c5 2.Nf3 e6 3.d4 cxd4 4.Nxd4 a6 5.Bd3 Nc6 6.Nxc6 dxc6 7.O-O e5 8.Nd2 Qc7
9.a4 Nf6 10.Nc4 Bg4 11.Qe1 Bc5 12.Be3 Bxe3 13.Qxe3 O-O 14.Qg5 Rae8 15.f4 h6
16.Qh4 exf4 17.e5 Rxe5 18.Nxe5 Qxe5 19.h3 Bf5 20.Qxf4 Qc5+ 21.Kh1 Bxd3 22.cxd3 Nd5
23.Qe5 Qe3 24.Qxe3 Nxe3 25.Rf4 f5 26.g3 Nd5 27.Rf3 g6 28.Re1 Kf7 29.a5 Rd8
30.d4 Rd7 31.g4 f4 32.h4 g5 33.Re5 Kf6 34.hxg5+ hxg5 35.Rh3 Ne3 36.Rh6+ Kg7
37.Rhe6 Kf7 38.d5 cxd5 39.Rh6 Kg7 40.Rb6 Kf7 41.Rxg5 Rc7 42.Rgg6 d4 43.Rbf6+ Ke7
44.Rxf4 Rc1+ 45.Kh2 d3 46.Re4+ Kf7 47.Rd6 d2 48.Rf4+ Ke7 49.Rxd2 Nf1+ 50.Rxf1 Rxf1
51.Kg3 Ra1 52.b4 Rb1 53.Rd4 Kf6 54.Kf4 Rf1+ 55.Ke3 Rg1 56.Rf4+ Ke6 57.Kd4 Kd6
58.Ke4 Ke6 59.Kd4 Kd6 60.Ke4 Ke6 61.Kf3 Ke5 62.Re4+ Kf6 63.Rc4 Rb1 64.Kf4 Rb2
65.Re4 Rf2+ 66.Ke3 Rb2 67.Kd3 Rb1 68.Kc4 Rc1+ 69.Kd5 Rc8 70.Kd6 Rc6+ 71.Kd7 Kf7
72.Rf4+ Kg6 73.Rd4 Kf7 74.g5  1-0

[Event "Dubai ol (Men)"]
[Site "Dubai"]
[Date "1986.??.??"]
[Round "2"]
[White "Gavrilakis, Nikolaos"]
[Black "Hulak, Krunoslav"]
[Result "0-1"]
[WhiteElo "2360"]
[BlackElo "2540"]

1.e4 c5 2.Nf3 e6 3.d4 cxd4 4.Nxd4 a6 5.Bd3 Qc7 6.O-O Nf6 7.c4 Nc6 8.Nxc6 dxc6
9.Nc3 e5 10.Qe2 Bc5 11.Be3 Bxe3 12.Qxe3 Be6 13.Rfd1 O-O 14.Be2 b5 15.Rac1 Qe7
16.c5 Rfd8 17.b4 a5 18.a3 h6 19.Rxd8+ Rxd8 20.Rd1 axb4 21.axb4 Rxd1+ 22.Nxd1 Qa7
23.f3 Qa2 24.Kf1 Ne8 25.Ke1 Nc7 26.Qd2 Na6 27.Nb2 Qa3 28.Nd3 Bc4  0-1

[Event "FRA-chB"]
[Site "Epinal"]
[Date "1986.??.??"]
[Round "8"]
[White "Koch, Jean Rene"]
[Black "Benoit, Michel"]
[Result "1/2-1/2"]
[WhiteElo "2200"]
[BlackElo "2235"]

1.e4 c5 2.Nf3 e6 3.d4 cxd4 4.Nxd4 a6 5.Bd3 g6 6.O-O Bg7 7.c3 Ne7 8.Be3 d5
9.Qd2 Nd7 10.Bh6 O-O 11.Bxg7 Kxg7 12.exd5 Nxd5 13.Be4 N7b6 14.f4 Qc7 15.Qf2 Qxf4
16.Qxf4 Nxf4 17.Rxf4 e5 18.Rf1 exd4 19.cxd4 Rd8 20.Rd1 Nc4 21.b3 Bg4 22.Re1 Nd6
23.Nc3 Rac8 24.Rac1 Nxe4 25.Rxe4 Bf5 26.Rf4 Rc7 27.Ne2 Rxc1+ 28.Nxc1 Rc8
29.Ne2 Rc2 30.Ng3 Be6 31.Rf2 Rc1+ 32.Rf1 Rc2 33.Rf2 Rc1+ 34.Rf1 Rc2  1/2-1/2

[Event "FIN-chT"]
[Site "?"]
[Date "1986.??.??"]
[Round "?"]
[White "Pyhala, Antti"]
[Black "Havansi, Erkki ET"]
[Result "1/2-1/2"]
[WhiteElo "2340"]
[BlackElo "2295"]

1.e4 c5 2.Nf3 e6 3.d4 cxd4 4.Nxd4 a6 5.Bd3 Bc5 6.Nb3 Ba7 7.Nc3 Nc6 8.Qe2 Nge7
9.Be3 Bxe3 10.Qxe3 O-O 11.f4 f5 12.e5 Nb4 13.O-O-O Ned5 14.Nxd5 Nxd5 15.Qd4 b5
16.Nc5 Qb6 17.Rhg1 Ra7 18.g4 Rc7 19.b4 Nxb4 20.Qxb4 Qxc5 21.Qxc5 Rxc5 22.gxf5 exf5  1/2-1/2

[Event "Gausdal Int"]
[Site "Gausdal"]
[Date "1986.??.??"]
[Round "?"]
[White "Ernst, Thomas"]
[Black "Plachetka, Jan"]
[Result "0-1"]
[WhiteElo "2445"]
[BlackElo "2450"]

1.e4 c5 2.Nf3 e6 3.d4 cxd4 4.Nxd4 a6 5.Bd3 Nf6 6.O-O d6 7.c4 Be7 8.Nc3 O-O
9.b3 b6 10.Bb2 Bb7 11.Qe2 Nbd7 12.Rad1 Qc7 13.Kh1 Rfe8 14.f4 Bf8 15.Rde1 Rad8
16.Nf3 Nc5 17.Bb1 d5 18.e5 Nfe4 19.cxd5 exd5 20.b4 Ne6 21.f5 Nf4 22.Qe3 Nxg2
23.Kxg2 d4 24.Nd5 Rxd5 25.Qxe4 Rdxe5 26.Qh4 Rxe1 27.Rxe1 Qc6  0-1

[Event "Wch U20"]
[Site "Gausdal"]
[Date "1986.??.??"]
[Round "2"]
[White "Hellers, Ferdinand"]
[Black "Servat, Roberto"]
[Result "1-0"]
[WhiteElo "2440"]
[BlackElo "2290"]

1.e4 c5 2.Nf3 e6 3.d4 cxd4 4.Nxd4 a6 5.Bd3 Nf6 6.O-O d6 7.c4 Be7 8.Nc3 O-O
9.Qe2 b6 10.f4 Bb7 11.Kh1 Nc6 12.Nxc6 Bxc6 13.b3 Nd7 14.Bb2 g6 15.Rad1 Re8
16.e5 dxe5 17.fxe5 Qc7 18.Be4 Nxe5 19.Bxc6 Nxc6 20.Rxf7 Kxf7 21.Rf1+ Bf6
22.Ne4 e5 23.Nxf6 Kg7 24.Nxe8+ Rxe8 25.Qf3 Qd7 26.h3 Qe6 27.Qe3 Nd8 28.Qe4 Nf7
29.Qb7 Kg8 30.Qxa6 Ng5 31.Qb7 Nxh3 32.gxh3 Qxh3+ 33.Kg1 Qe3+ 34.Rf2 Rf8 35.Qd5+ Rf7
36.Qxf7+  1-0

[Event "FRG-qual Sued"]
[Site "Germany"]
[Date "1986.??.??"]
[Round "?"]
[White "Zude, Arno"]
[Black "Bletz, Harald"]
[Result "1-0"]
[WhiteElo "2295"]
[BlackElo "2320"]

1.e4 c5 2.Nf3 e6 3.d4 cxd4 4.Nxd4 a6 5.Bd3 Qc7 6.O-O Nc6 7.Nxc6 bxc6 8.c4 e5
9.Be3 d6 10.Nc3 Nf6 11.Be2 Rb8 12.Rb1 Be7 13.c5 dxc5 14.Qc2 Ng4 15.Bxg4 Bxg4
16.Na4 O-O 17.Bxc5 Rfd8 18.f3 Be6 19.b3 Bg5 20.Rfd1 Qa5 21.Ba7 Rb7 22.Bf2 Rbd7
23.Rxd7 Rxd7 24.Qxc6 Qd2 25.Nc5 Qd6 26.Qxa6 Qxa6 27.Nxa6 Rd2 28.a4 Bxb3 29.Rxb3 Rd1+
30.Be1 Rxe1+ 31.Kf2 Rd1 32.Rb8+ Rd8 33.Rxd8+ Bxd8 34.Nb8  1-0

[Event "EU-ch U20"]
[Site "Groningen"]
[Date "1986.??.??"]
[Round "?"]
[White "Gdanski, Jacek"]
[Black "Ninov, Kiril"]
[Result "1-0"]
[WhiteElo "2290"]
[BlackElo "2315"]

1.e4 c5 2.Nf3 e6 3.d4 cxd4 4.Nxd4 a6 5.Bd3 Bc5 6.Nb3 Ba7 7.O-O Ne7 8.Bf4 d6
9.Bxd6 Nbc6 10.e5 Ng6 11.Qh5 Bb8 12.Bxb8 Rxb8 13.f4 Nb4 14.Be4 Nd5 15.Bxd5 Qxd5
16.Nc3 Qc4 17.Qe2 b5 18.Qxc4 bxc4 19.Na5 Rxb2 20.Rf2 O-O 21.a3 f6 22.Nxc4 Rb7
23.Ne4 Rc7 24.Ned6 Bd7 25.exf6 gxf6 26.Rb1 Rd8 27.Rb6 Bb5 28.Ne3 Bc6 29.Nec4 Bb5
30.Ne3 Bc6 31.Ndc4 Bb5 32.Nd2 Rc3 33.Ndf1 Kf7 34.f5 exf5 35.Rxf5 Bxf1 36.Nxf1 Rxa3
37.Rfxf6+ Kg8 38.Rxa6 Rc3 39.Rfc6 Rc8 40.Rxc8+ Rxc8 41.Ne3 Ne5 42.Kf2 Nc4
43.Nxc4 Rxc4 44.Ra2 h5 45.Ke2 Rg4 46.g3 h4 47.Ra3 Rg6 48.Rf3 h3  1-0

[Event "NLD-ch"]
[Site "Hilversum"]
[Date "1986.??.??"]
[Round "2"]
[White "Van der Wiel, John TH"]
[Black "Goldstern, Flip"]
[Result "1-0"]
[WhiteElo "2555"]
[BlackElo "1970"]

1.e4 c5 2.Nf3 e6 3.d4 cxd4 4.Nxd4 a6 5.Bd3 Nf6 6.O-O d6 7.b3 Be7 8.Bb2 O-O
9.Nd2 Nbd7 10.c4 Qc7 11.Rc1 b6 12.f4 Bb7 13.Bb1 Rfe8 14.Qf3 Bf8 15.g4 e5
16.g5 Nxe4 17.Bxe4 Bxe4 18.Nxe4 exd4 19.Bxd4 Rac8 20.Nc3 Qb8 21.Qd5 Nc5 22.f5 Qa8
23.Qxa8 Rxa8 24.Rce1 Rab8 25.Kg2 Rec8 26.Nd5 b5 27.cxb5 axb5 28.Ne7+ Bxe7
29.Rxe7 Nd3 30.g6  1-0

[Event "HUN-ch"]
[Site "?"]
[Date "1986.??.??"]
[Round "?"]
[White "Perenyi, Bela"]
[Black "Farago, Ivan"]
[Result "0-1"]
[WhiteElo "2415"]
[BlackElo "2520"]

1.e4 c5 2.Nf3 e6 3.d4 cxd4 4.Nxd4 a6 5.Bd3 Bc5 6.Nb3 Ba7 7.Nc3 Nc6 8.O-O Nge7
9.Kh1 O-O 10.Bg5 f6 11.Bh4 Ne5 12.f4 Nxd3 13.Qxd3 b5 14.a3 Ng6 15.Bg3 Bb7
16.Rad1 Bc6 17.f5 exf5 18.Rxf5 Re8 19.Nd4 Qe7 20.Re1 Bb8 21.Nd5 Qf7 22.Nf3 Bxg3
23.hxg3 Ne7 24.Ne5 Qf8 25.Rf4 Bxd5 26.Nxd7 Bc4 27.Qf3 Qf7 28.b3 Ng6 29.Nxf6+ gxf6
30.Rxf6 Ne5 31.Rxf7 Nxf3 32.Rxf3 Be6 33.Rd3 Rac8 34.Re2 Bg4 35.Rf2 Rxe4 36.Rf4 Rxf4
37.gxf4 Rxc2 38.Rd6 Rc3 39.Rxa6 Rxb3 40.a4 b4 41.Rb6 Rb1+ 42.Kh2 b3 43.a5 Bd1
44.a6 Ra1 45.Kg3 Bc2 46.Kg4 Ra2 47.Rb8+ Kf7 48.Rb7+ Ke6 49.a7 Kd6 50.f5 Ra4+
51.Kg5 Kc6 52.Rxh7 b2 53.Rh1 Rxa7  0-1

[Event "Lauda MA"]
[Site "Lauda"]
[Date "1986.??.??"]
[Round "6"]
[White "Herbrechtsmeier, Christof"]
[Black "Raupp, Thomas"]
[Result "1/2-1/2"]
[WhiteElo "2320"]
[BlackElo "2275"]

1.e4 c5 2.Nf3 e6 3.d4 cxd4 4.Nxd4 a6 5.Bd3 Nf6 6.c4 Nc6 7.Nc2 d5 8.exd5 exd5
9.O-O Be7 10.cxd5 Nxd5 11.Be4 Be6 12.Qf3 Qd7 13.Rd1 Bg4 14.Bxd5 Bxf3 15.Bxf7+ Kxf7
16.Rxd7 Rad8 17.Rxd8 Rxd8 18.Nc3 Be4 19.Ne3 Bd3 20.Ned5 Nb4 21.Nxb4 Bxb4
22.Bg5 Rd7 23.Be3 Bxc3 24.bxc3 Be2 25.Bd4 b5 26.a3 a5 27.Bb6 a4 28.Bd4 Bc4  1/2-1/2

[Event "Lugano op"]
[Site "Lugano"]
[Date "1986.??.??"]
[Round "?"]
[White "Pliester, Leon"]
[Black "Pavlovic, Milos"]
[Result "1-0"]
[WhiteElo "2365"]
[BlackElo "2345"]

1.e4 c5 2.Nf3 e6 3.d4 cxd4 4.Nxd4 a6 5.Bd3 Nf6 6.O-O d6 7.c4 g6 8.a4 Nbd7
9.Nb3 b6 10.Nc3 Bg7 11.a5 O-O 12.axb6 Qxb6 13.Na5 Ne5 14.Be2 Nfd7 15.Be3 Qxb2
16.Na4 Qb8 17.f4 Qc7 18.fxe5 Qxa5 19.Nc5 Qc3 20.Bd4 Qxd4+ 21.Qxd4 Bxe5 22.Qf2 Nxc5
23.Ra3 Nxe4 24.Qh4 f5 25.Bf3 Bb7 26.Rb3 Bc6 27.Rd1 Ra7 28.Rb6 Ba8 29.Bxe4 Bxe4
30.Rbxd6 Bxd6 31.Rxd6 a5 32.Rd8 Ra8 33.Rd7 Rf7 34.Rxf7 Kxf7 35.Qxh7+ Kf6
36.Qh4+ Ke5 37.Qf2 a4 38.Qc5+ Kf6 39.Qa3 Ra6 40.Kf2 Ra8 41.Ke3 Bc6 42.h4 Kf7
43.Kf4 Be8 44.Qb2 Ra7 45.Qb6 Rd7 46.Ke5 Re7 47.Qa6  1-0

[Event "Moscow"]
[Site "Moscow"]
[Date "1986.??.??"]
[Round "?"]
[White "Psakhis, Lev"]
[Black "Yap, Andronico"]
[Result "1-0"]
[WhiteElo "2555"]
[BlackElo "2470"]

1.e4 c5 2.Nf3 e6 3.d4 cxd4 4.Nxd4 a6 5.Bd3 g6 6.c4 Bg7 7.Nb3 d6 8.Nc3 Nc6
9.Bf4 b6 10.Be2 Ne5 11.Qd2 Ra7 12.Rd1 Rd7 13.Be3 Nf6 14.f3 d5 15.cxd5 exd5
16.Nxd5 Nxd5 17.exd5 O-O 18.O-O Rd6 19.Rfe1 Bb7 20.Qb4 h5 21.Na5 Ba8 22.Nc6 Bxc6
23.dxc6 Rxd1 24.Rxd1 Nxc6 25.Rxd8 Nxb4 26.Rxf8+ Bxf8 27.Bxb6 Nxa2 28.Bxa6 Bg7
29.Bc4 Nb4 30.Bc5 Nc6 31.b4 Bf8 32.Bxf8 Kxf8 33.b5 Nb8 34.b6 Ke7 35.Kf2 g5
36.Ke3 f5 37.f4 g4 38.g3 Kd6 39.Bf7 Nd7 40.b7 Kc7 41.Bxh5  1-0

[Event "Moscow"]
[Site "Moscow"]
[Date "1986.??.??"]
[Round "?"]
[White "Geller, Efim P"]
[Black "Eingorn, Vereslav S"]
[Result "0-1"]
[WhiteElo "2525"]
[BlackElo "2560"]

1.e4 c5 2.Nf3 e6 3.d4 cxd4 4.Nxd4 a6 5.Bd3 Nf6 6.O-O Qc7 7.Qe2 d6 8.c4 g6
9.Nc3 Bg7 10.Be3 O-O 11.Rac1 Nbd7 12.Rfd1 b6 13.f3 Bb7 14.Qf2 Rac8 15.Bf1 Qb8
16.b4 Rfe8 17.Nb3 Bf8 18.a3 d5 19.cxd5 exd5 20.Nxd5 Nxd5 21.Rxc8 Rxc8 22.exd5 Bd6
23.Qh4 Rc3 24.Rd3 Rxd3 25.Bxd3 Bxd5 26.Nd2 b5 27.Bd4 Be5 28.Nf1 Qd6 29.h3 Be6
30.Qd8+ Kg7 31.Bxe5+ Qxe5 32.Be4 Qa1 33.Kf2 Qxa3 34.Ng3 Qb2+ 35.Kg1 Qc1+
36.Kf2 Qd2+ 37.Kg1 Qe3+ 38.Kh1 Qc1+ 39.Kh2 Qf4 40.Qc8 h5 41.Qc3+ Nf6  0-1

[Event "Plovdiv"]
[Site "Plovdiv"]
[Date "1986.??.??"]
[Round "?"]
[White "Arnason, Jon L"]
[Black "Kirov, Nino"]
[Result "1-0"]
[WhiteElo "2500"]
[BlackElo "2485"]

1.e4 c5 2.Nf3 e6 3.d4 cxd4 4.Nxd4 a6 5.Bd3 Bc5 6.Nb3 Ba7 7.Qe2 Nc6 8.Be3 d6
9.Nc3 Bxe3 10.Qxe3 Nf6 11.O-O-O O-O 12.f4 Qc7 13.Rhg1 b5 14.g4 b4 15.g5 Ne8
16.Ne2 Qa7 17.Qh3 g6 18.f5 exf5 19.exf5 Ne7 20.Ng3 Qe3+ 21.Kb1 Bxf5 22.Bxf5 Nxf5
23.Rde1 Qf4 24.Rgf1 Qh4 25.Qxh4 Nxh4 26.Re4 Nf5 27.Nxf5 gxf5 28.Rxb4 Ng7
29.Nd4 f6 30.Nxf5 fxg5 31.Nh6+ Kh8 32.Nf7+ Kg8 33.Nh6+ Kh8 34.Nf7+ Kg8 35.Rb7 h5
36.Nh6+ Kh8 37.Nf7+ Kg8 38.a4 g4 39.Nh6+ Kh8 40.Nf7+ Kg8 41.Rf6 a5 42.Nh6+ Kh7
43.Nf7 Kg8 44.Rd7 d5 45.b4 axb4 46.Nh6+ Kh7 47.Nf7 Kg8 48.a5 b3 49.cxb3 d4
50.a6 d3 51.a7 Rfe8 52.Rh6 Nf5 53.Rh8+  1-0

[Event "POL-chT"]
[Site "Porabka"]
[Date "1986.??.??"]
[Round "?"]
[White "Sznapik, Aleksander"]
[Black "Dejkalo, Stefan"]
[Result "0-1"]
[WhiteElo "2425"]
[BlackElo "2450"]

1.e4 c5 2.Nf3 e6 3.d4 cxd4 4.Nxd4 a6 5.Bd3 Nf6 6.O-O Qc7 7.Kh1 Nc6 8.Nxc6 bxc6
9.f4 d5 10.Nd2 Be7 11.b3 dxe4 12.Nxe4 Nxe4 13.Bxe4 Bf6 14.Ba3 Bxa1 15.Qxa1 Bb7
16.Qd4 f6 17.Bf3 Kf7 18.f5 exf5 19.Qc4+ Kg6 20.g4 h6 21.Qd3 Rhe8 22.Qxf5+ Kf7
23.Bb2 Kg8 24.g5 hxg5 25.Bh5 c5+ 26.Kg1 Re3 27.Bxf6 Rg3+ 28.Kf2 Rg2+ 29.Ke1 Qc8
30.Qe5 Qh3  0-1